LEADER 01631nam a2200301 i 4500 001 000000141887 003 CaOOAMICUS 005 20050805000000.0 008 050805s2005 gw u000 u ger u 013 $a116616 020 $a3-7887-2087-5 040 $aSeMil$bita 100 1 $aSchlund, Christine <1967- >.$0(OLS)http://semarc/name/57020 245 10$a"Kein Knochen soll gebrochen werden" :$bStudien zu Bedeutung und Funktion des Pesachfests in Texten des frühen Judentums und im Johannesevangelium /$cChristine Schlund. 260 $aNeukirchen-Vluyn :$bNeukirchener,$c2005. 300 $aXIII, 254 p. ;$c23 cm. 490 0 $aWissenschaftliche Monographien zum Alten und Neuen Testament ;$v107. 500 $aContiene : Literaturverzeichnis. 650 4$aBibbia - AT - Pasqua - Rito e significato.$0(OLS)http://semarc/subject/27933 650 4$aBibbia - NT - Giovanni - Pasqua .$0(OLS)http://semarc/subject/27934 650 4$aPasqua ebraica.$0(OLS)http://semarc/subject/15911 830 0$aWissenschaftliche Monographien zum Alten und Neuen Testament ;$v107.$0(OLS)http://semarc/title/114 850 $aSeMil 852 $aSeMil$W1$xVenegono$y1$m2XA T 107$j260664$B95097$CSeMilBibl$Z2$F101316 $81 961 $aSottoscrizione: Neukirchener 996 $6020$a3-7887-2087-5$9(OLS)http://semarc/number/130147 996 $6245$a"Kein Knochen soll gebrochen werden" :$bStudien zu Bedeutung und Funktion des Pesachfests in Texten des frühen Judentums und im Johannesevangelium$9(OLS)http://semarc/title/207440 996 $6260$aNeukirchen-Vluyn :$bNeukirchener$9(OLS)http://semarc/publisher/29645 LEADER 01573nam a2200301 i 4500 001 000000091522 003 CaOOAMICUS 005 20230222142040.0 008 160224s1745 it u000 u lat u 013 $a63764 026 $ar.o- t.t. m.*a tiSi (3) 1745 (R) 040 $aSeMil$bita 110 2 $aDomenicani$c.$0(OLS)http://semarc/name/1069 245 10$aOfficium beatae Mariae Virginis juxta ritum ordinis Praedicator. sub reverendissimo patre fr. Thoma Ripoll ejusdem Ordinis magistro generali. 260 $aRomae :$bEx Typographia Hieronymi Mainardi,$c1745. 300 $a[24], 384 p., [1] carta di tav. :$bantip. calcogr. ;$c8º. 500 $aSegn.: *12 A-2A8 500 $aFront. calcogr. precede il front. tipogr. 500 $aMarca n.c. (Cane con bastone e corona con giglio e ala) xilogr. sul front. 500 $aFront. e testo stampati in rosso e nero 650 4$aLibri liturgici - Breviario romano - Ufficio della Beata Vergine Maria.$0(OLS)http://semarc/subject/23056 700 1 $aRipoll, Thomas,$d.$0(OLS)http://semarc/name/2893 700 1 $aMainardi, Girolamo,$c.$0(OLS)http://semarc/name/2894 850 $aSeMil 852 $aSeMil$W1$xVenegono$y1$m3K I 49 FA$j54471$B54471$CSeMilBibl$Z2$F59123 $8I 996 $6245$aOfficium beatae Mariae Virginis juxta ritum ordinis Praedicator. sub reverendissimo patre fr. Thoma Ripoll ejusdem Ordinis magistro generali$9(OLS)http://semarc/title/137669 996 $6260$aRomae :$bEx Typographia Hieronymi Mainardi$9(OLS)http://semarc/publisher/32535